[Event "AUTO-OPEN-4193"]
[Site "http://www.queenalice.com/game.php?id=1619647"]
[Date "2020.7.7"]
[Round "1"]
[White "RaulSoft"]
[Black "Amag"]
[Result "1-0"]
[WhiteElo "2633"]
[BlackElo "2060"]

1. d4 Nf6 2. c4 d5 3. cxd5 Qxd5 4. Nc3 Qd8 5. Bf4 e6 6. Nf3 Bb4 7. Qa4+ Nc6 8.
Rc1 Bd7 9. Qb3 O-O 10. a3 Ba5 11. e3 Bxc3+ 12. bxc3 Na5 13. Qb1 Nd5 14. Bg3 a6
15. c4 Ne7 16. Bd3 f5 17. O-O Ng6 18. h4 b5 19. cxb5 axb5 20. Bxc7 Qe8 21. Bd6
Ne7 22. Ne5 Nb7 23. Bxe7 Qxe7 24. Rc7 Rfc8 25. Rxb7 Qxa3 26. Rxd7 Rc3 27. Qxb5
Rac8 28. Qb7 Qf8 29. Rf7 Qxf7 30. Qxf7+ Kh8 31. Qxe6 g6 32. h5 1-0

[Event "AUTO-OPEN-4193"]
[Site "http://www.queenalice.com/game.php?id=1619648"]
[Date "2020.7.7"]
[Round "1"]
[White "Amag"]
[Black "RobertD"]
[Result "1-0"]
[WhiteElo "2046"]
[BlackElo "1922"]

1. d4 d5 2. c4 c6 3. e3 Nf6 4. Be2 e6 5. Nf3 Nbd7 6. O-O h6 7. c5 Be7 8. b4 O-O
9. a4 Nh7 10. Nc3 f5 11. b5 g5 12. bxc6 bxc6 13. Ba3 g4 14. Nd2 Bh4 15. f4 Rf7
16. g3 Bf6 17. Rb1 a5 18. Rb2 Ba6 19. Bxa6 Rxa6 20. Qe2 Ra7 21. Rfb1 Qc8 22. Rb3
h5 23. R1b2 h4 24. Qf1 h3 25. Qb1 Kg7 26. Rb7 Rxb7 27. Rxb7 Qa8 28. Rb2 Be7 29.
Nb3 Nhf6 30. Qe1 Bd8 31. Rb1 Ne4 32. Nxe4 fxe4 33. Bb2 Nb8 34. Bc3 Ra7 35. Rb2
Bc7 36. Qb1 Na6 37. Nxa5 Bxa5 38. Bxa5 Qc8 39. Bb6 Rb7 40. Ba5 Rxb2 41. Qxb2 Qb8
42. Qb6 Qc8 43. Kf1 Kf7 44. Qa7+ Kg6 45. Qe7 Kh6 46. Bd8 Qb8 47. Qxe6+ Kh7 48.
Qf5+ Kh6 49. Bg5+ Kg7 50. Bf6+ Kg8 51. Qg6+ Kf8 52. Qg7+ 1-0

[Event "AUTO-OPEN-4193"]
[Site "http://www.queenalice.com/game.php?id=1619649"]
[Date "2020.7.7"]
[Round "1"]
[White "RobertD"]
[Black "Amag"]
[Result "0-1"]
[WhiteElo "1911"]
[BlackElo "2057"]

1. e4 e5 2. Bc4 Nf6 3. Nc3 Bb4 4. Nf3 O-O 5. a3 Bxc3 6. dxc3 d6 7. O-O Nxe4 8.
Bd3 Nc5 9. Bxh7+ Kxh7 10. Ng5+ Kg8 11. Qh5 Bf5 12. h4 Bg6 13. Qg4 Nbd7 14. h5
Nf6 15. Qh3 Nxh5 16. f4 Nxf4 17. Bxf4 exf4 18. Nf3 Ne4 19. Rad1 Qf6 20. Nd4 Ng5
21. Qg4 Ne6 22. Rd2 Nxd4 23. cxd4 Bf5 24. Qxf4 Qh6 25. Qxh6 gxh6 26. Rxf5 Rae8
27. Rf3 Re1+ 28. Kf2 Rfe8 29. c4 a5 30. a4 b6 31. c5 dxc5 32. dxc5 R8e7 33. cxb6
cxb6 34. Rf6 R1e6 35. Rxe6 Rxe6 36. Rd3 Kg7 37. Kf3 f5 38. Rd4 Re5 39. b4 axb4
40. Rxb4 Re6 41. g4 fxg4+ 42. Kxg4 Kg6 43. Rd4 Rf6 44. Rd5 Rc6 45. Rd4 Kf6 46.
Rb4 Re6 47. Rd4 Ke5 48. Rb4 Kd5 49. Rb5+ Kc4 50. Kh5 Rc6 51. Rb1 Rd6 52. Rb2 Re6
53. Rb5 Rd6 54. Rb1 Kc5 55. Rb5+ Kc6 56. Rb4 Kb7 57. Rb5 Ka6 58. Rf5 Rc6 59. Kg4
Rc4+ 60. Kh5 Rc5 0-1

[Event "AUTO-OPEN-4176"]
[Site "http://www.queenalice.com/game.php?id=1621192"]
[Date "2020.7.22"]
[Round "2"]
[White "RaulSoft"]
[Black "Amag"]
[Result "1-0"]
[WhiteElo "2662"]
[BlackElo "2054"]

1. d4 d5 2. c4 e6 3. Nc3 Bb4 4. cxd5 exd5 5. Nf3 Nf6 6. Bf4 Ne4 7. Rc1 Bg4 8. h3
Bxf3 9. exf3 Nxc3 10. bxc3 Qe7+ 11. Qe2 Qxe2+ 12. Bxe2 Ba5 13. O-O O-O 14. Rfd1
Nd7 15. c4 Rfe8 16. Kf1 Nf6 17. c5 c6 18. g4 h6 19. Rc2 g5 20. Be5 Nd7 21. Bd6
Nf8 22. f4 Ne6 23. f5 Nf4 24. Rb1 b5 25. cxb6 Bxb6 26. Bxf4 gxf4 27. Rxc6 Rac8
28. Rxh6 Bxd4 29. Rd1 Bg7 30. Rd6 Rc2 31. Bb5 Rb8 32. a4 d4 33. f6 Bf8 34. R6xd4
Bc5 35. Rd8+ Rxd8 36. Rxd8+ Kh7 37. Bd3+ 1-0

[Event "AUTO-OPEN-4176"]
[Site "http://www.queenalice.com/game.php?id=1621193"]
[Date "2020.7.22"]
[Round "2"]
[White "Amag"]
[Black "RaulSoft"]
[Result "0-1"]
[WhiteElo "2062"]
[BlackElo "2645"]

1. c4 e5 2. e4 Bc5 3. Nf3 d6 4. Be2 Nc6 5. O-O Nge7 6. a3 a5 7. Nc3 f5 8. d3 O-O
9. b3 Nd4 10. Nxd4 Bxd4 11. Bd2 fxe4 12. dxe4 Ng6 13. Rc1 c6 14. Kh1 Rxf2 15.
Rxf2 Bxf2 16. Be1 Bd4 17. Rc2 Qf6 18. Bf3 Bg4 19. Bxg4 Qf1# 0-1

[Event "AUTO-OPEN-4176"]
[Site "http://www.queenalice.com/game.php?id=1621196"]
[Date "2020.7.22"]
[Round "2"]
[White "CCapivara"]
[Black "Amag"]
[Result "1-0"]
[WhiteElo "2210"]
[BlackElo "2056"]

1. e4 e5 2. Nf3 d6 3. Bc4 Be7 4. O-O Nf6 5. d3 O-O 6. h3 c6 7. c3 Bxh3 8. gxh3
Qd7 9. Kh2 d5 10. exd5 Bd6 11. dxc6 e4+ 12. Kg2 Qxc6 13. Nd4 Qd7 14. Bg5 Be5 15.
Bxf6 Bxf6 16. dxe4 Bxd4 17. Qxd4 Qe7 18. Nd2 Qg5+ 19. Kh2 Nc6 20. Qe3 Qe5+ 21.
f4 Qc7 22. e5 Rfe8 23. Bb3 Nxe5 24. fxe5 Re7 25. Rae1 Rae8 26. Qf4 Kh8 27. Bxf7
1-0

[Event "AUTO-OPEN-4176"]
[Site "http://www.queenalice.com/game.php?id=1621197"]
[Date "2020.7.22"]
[Round "2"]
[White "Amag"]
[Black "CCapivara"]
[Result "0-1"]
[WhiteElo "2067"]
[BlackElo "2187"]

1. c4 e5 2. e4 d6 3. Nf3 f5 4. d3 Nf6 5. Nc3 Be7 6. Bg5 c6 7. Be2 O-O 8. O-O Be6
9. Bxf6 Bxf6 10. d4 Nd7 11. d5 cxd5 12. exd5 Bf7 13. Nd2 a6 14. f3 Rc8 15. Rc1
Qb6+ 16. Kh1 Qxb2 17. Rc2 Qb6 18. Qb1 Qxb1 19. Rxb1 b6 20. a4 Bg6 21. Rcb2 e4
22. Rb3 e3 23. Nf1 f4 24. Ne4 Bxe4 25. fxe4 Bd4 26. Bg4 Rc7 27. a5 bxa5 28. Rb7
Rxb7 29. Rxb7 Nc5 30. Rb1 a4 31. Rc1 a3 0-1

[Event "AUTO-OPEN-4184"]
[Site "http://www.queenalice.com/game.php?id=1627737"]
[Date "2020.9.22"]
[Round "2"]
[White "Dogeval"]
[Black "Amag"]
[Result "1-0"]
[WhiteElo "2850"]
[BlackElo "2052"]

1. d4 d5 2. c4 c6 3. Nf3 e6 4. e3 Bb4+ 5. Nbd2 Ne7 6. Bd3 O-O 7. a3 Bd6 8. O-O
Nd7 9. e4 f6 10. Re1 a5 11. e5 Bc7 12. exf6 Rxf6 13. h3 Nf8 14. Ne5 Neg6 15. Ng4
Rf7 16. Nf3 Bf4 17. Bxf4 Nxf4 18. Nfe5 Nxh3+ 19. gxh3 Rf4 20. Qc1 Rxd4 21. Qe3
c5 22. Kh1 Qh4 23. Rg1 Nd7 24. Nh6+ Kf8 25. Rxg7 Nxe5 26. Rag1 Rxd3 27. Qxc5+
1-0

[Event "AUTO-OPEN-4184"]
[Site "http://www.queenalice.com/game.php?id=1627738"]
[Date "2020.9.22"]
[Round "2"]
[White "Amag"]
[Black "Dogeval"]
[Result "0-1"]
[WhiteElo "2056"]
[BlackElo "2845"]

1. c4 e5 2. e4 Bc5 3. Nf3 Nc6 4. d4 exd4 5. a3 a5 6. Nbd2 Nf6 7. Bd3 d6 8. Nb3
Bg4 9. Nxc5 dxc5 10. O-O Ne5 11. Qa4+ Qd7 12. Qxd7+ Nfxd7 13. Nxe5 Nxe5 14. f3
Be6 15. Bc2 Bxc4 16. Ba4+ b5 0-1

[Event "AUTO-OPEN-4441"]
[Site "http://www.queenalice.com/game.php?id=1810633"]
[Date "2023.4.24"]
[Round "1"]
[White "Amag"]
[Black "chessman"]
[Result "0-1"]
[WhiteElo "2054"]
[BlackElo "1989"]

1. e4 e6 2. f4 d5 3. e5 c5 4. d4 cxd4 5. Qxd4 Nc6 6. Bb5 Bd7 7. Bxc6 Bxc6 8. Nf3
Ne7 9. Qd3 Ng6 10. O-O Qb6+ 11. Be3 Qxb2 12. Nc3 Qa3 13. Rfb1 Qe7 14. Nb5 Qd7
15. Nfd4 a6 16. Nd6+ Bxd6 17. exd6 Qxd6 18. Nxc6 bxc6 19. g3 c5 20. Qa3 d4 21.
Qa4+ Qd7 22. Qxd7+ Kxd7 23. Bd2 Rab8 24. Ba5 Ne7 25. a3 Nc6 26. Bd2 Rxb1+ 27.
Rxb1 Rb8 28. Rxb8 Nxb8 29. c3 f6 30. Kf2 e5 31. Kf3 Ke6 32. Ke4 f5+ 33. Kd3 e4+
34. Kc4 e3 35. Be1 Nc6 36. cxd4 cxd4 37. Bb4 Nxb4 0-1

[Event "AUTO-OPEN-4441"]
[Site "http://www.queenalice.com/game.php?id=1810634"]
[Date "2023.4.24"]
[Round "1"]
[White "chessman"]
[Black "Amag"]
[Result "0-1"]
[WhiteElo "2008"]
[BlackElo "2035"]

1. e4 d6 2. d4 Nf6 3. Bd3 Nc6 4. Nf3 Bg4 5. c3 e5 6. d5 Nb8 7. Qe2 c6 8. c4 cxd5
9. cxd5 Nbd7 10. Nc3 a6 11. a4 Nc5 12. b4 Nxd3+ 13. Qxd3 Be7 14. h3 Bxf3 15.
Qxf3 Rc8 16. Bd2 O-O 17. O-O Ne8 18. Rfc1 Bg5 19. Bxg5 Qxg5 20. b5 f5 21. Qe3 f4
22. Qf3 h5 23. Na2 Nf6 24. b6 Rc5 25. Rxc5 dxc5 26. Qc3 Nxe4 27. Qc4 f3 0-1

[Event "AUTO-OPEN-4441"]
[Site "http://www.queenalice.com/game.php?id=1810635"]
[Date "2023.4.24"]
[Round "1"]
[White "Amag"]
[Black "game"]
[Result "1-0"]
[WhiteElo "2050"]
[BlackElo "1470"]

1. e4 e5 2. f4 d6 3. Nf3 Nc6 4. Bb5 exf4 5. d4 Bg4 6. O-O Qe7 7. Qd3 O-O-O 8.
Bxc6 bxc6 9. Qa6+ Kd7 10. Nc3 f5 11. d5 c5 12. Qc6+ Kc8 13. Nb5 Kb8 14. Bxf4
Qxe4 15. Qxc7+ Ka8 16. Qxa7# 1-0

[Event "AUTO-OPEN-4441"]
[Site "http://www.queenalice.com/game.php?id=1810636"]
[Date "2023.4.24"]
[Round "1"]
[White "game"]
[Black "Amag"]
[Result "0-1"]
[WhiteElo "1464"]
[BlackElo "2052"]

1. e4 d6 2. Nf3 Nf6 3. Ng5 Bg4 4. f3 Bh5 5. g4 Bg6 6. h4 h6 7. Nh3 e5 8. h5 Bh7
9. Bc4 Qe7 10. Kf2 Nc6 11. d4 Nxd4 12. Bf4 O-O-O 13. Bg3 d5 14. exd5 Qc5 15.
Bxe5 Nf5+ 16. Kg2 Ne3+ 17. Kg3 Nxd1 18. d6 Qxe5+ 19. f4 Qe3+ 20. Kh4 Rxd6 21.
Nc3 Be7 22. Nxd1 Ne4+ 23. g5 Qg3# 0-1

[Event "AUTO-OPEN-4441"]
[Site "http://www.queenalice.com/game.php?id=1810637"]
[Date "2023.4.24"]
[Round "1"]
[White "Amag"]
[Black "Capixabba789"]
[Result "1-0"]
[WhiteElo "2050"]
[BlackElo "1430"]

1. e4 e5 2. f4 d5 3. Bd3 exf4 4. Nf3 Bd6 5. O-O Nf6 6. Nc3 dxe4 7. Nxe4 Nxe4 8.
Bxe4 O-O 9. Nd4 Qh4 10. d3 Bg4 11. Bf3 Bxf3 12. Qxf3 Nd7 13. Nf5 Qf6 14. Nxd6
Qxd6 15. Bxf4 Qb6+ 16. Kh1 Qxb2 17. Qg3 Rfe8 18. Bh6 g6 19. Rab1 Qd4 20. Rbe1
Rxe1 21. Rxe1 Nf6 22. Be3 Qd5 23. Qh4 Nh5 24. Bd4 Qxa2 25. Qe7 Qd5 26. Qe8+ 1-0

[Event "AUTO-OPEN-4441"]
[Site "http://www.queenalice.com/game.php?id=1810638"]
[Date "2023.4.24"]
[Round "1"]
[White "Capixabba789"]
[Black "Amag"]
[Result "0-1"]
[WhiteElo "1507"]
[BlackElo "2052"]

1. e4 d6 2. Nf3 g6 3. Bc4 e6 4. d4 Bg7 5. c3 Nf6 6. e5 dxe5 7. O-O exd4 8. cxd4
O-O 9. Be3 Nc6 10. Nc3 Na5 11. Bd3 a6 12. Ne5 Qd6 13. Qe1 Nc6 14. Nxc6 Ng4 15.
Ne5 Nxe3 16. Qxe3 f5 17. f4 b5 18. a3 Bb7 19. b4 Rfd8 20. Rad1 Qxd4 21. Qxd4
Rxd4 22. Be2 Rad8 23. Rxd4 Rxd4 24. Nd1 Bh6 25. Bf3 Bxf3 26. Nxf3 Rxf4 27. Nf2
Kf8 28. Nd3 Rc4 29. Nc5 Be3+ 30. Kh1 Bxc5 31. bxc5 Ke7 32. h3 Rxc5 0-1

[Event "AUTO-OPEN-4443"]
[Site "http://www.queenalice.com/game.php?id=1811256"]
[Date "2023.5.5"]
[Round "1"]
[White "Rocio"]
[Black "Amag"]
[Result "0-1"]
[WhiteElo "1499"]
[BlackElo "2056"]

1. e4 e6 2. Bc4 Nf6 3. Nc3 d5 4. exd5 exd5 5. Bb5+ c6 6. Be2 Be7 7. d4 Be6 8.
Nf3 O-O 9. Bg5 Ne4 10. Nxe4 dxe4 11. Ne5 Bxg5 12. h4 Bxh4 13. g3 Bg5 14. Bh5 Nd7
15. Ng4 f5 16. Bg6 hxg6 17. Ne3 f4 18. gxf4 Rxf4 19. Qe2 Qa5+ 20. c3 Raf8 21. f3
Rxf3 22. Nd1 Bd5 23. Rg1 Bh4+ 24. Kd2 Qc7 25. Rxg6 Qf4+ 26. Kc2 e3 27. c4 Be4+
28. Kb3 Bxg6 29. a4 Qxd4 30. Rc1 Bd3 31. Qg2 Nc5+ 32. Ka2 Bxc4+ 33. Ka1 Nb3+ 34.
Kb1 Nxc1 35. Kxc1 Rf1 36. Qc2 e2 37. b3 Rxd1+ 38. Qxd1 exd1=Q# 0-1

[Event "AUTO-OPEN-4443"]
[Site "http://www.queenalice.com/game.php?id=1811257"]
[Date "2023.5.5"]
[Round "1"]
[White "Amag"]
[Black "Rocio"]
[Result "1-0"]
[WhiteElo "2054"]
[BlackElo "1477"]

1. e4 e5 2. Nf3 d6 3. Bc4 h6 4. d4 exd4 5. Nxd4 Nf6 6. Nc3 a6 7. a4 Bg4 8. f3
Bd7 9. O-O Nh5 10. f4 Qh4 11. Nf5 Bxf5 12. exf5 Be7 13. Rf3 O-O 14. Rh3 Qf6 15.
Nd5 b5 16. axb5 a5 17. Rxh5 g6 18. Nxf6+ Bxf6 19. fxg6 Kg7 20. f5 Nd7 21. Bxh6+
Kg8 22. gxf7+ Rxf7 23. Qg4+ Kh7 24. Bf8# 1-0

[Event "AUTO-OPEN-4443"]
[Site "http://www.queenalice.com/game.php?id=1811278"]
[Date "2023.5.5"]
[Round "1"]
[White "Amag"]
[Black "Pin"]
[Result "0-1"]
[WhiteElo "2058"]
[BlackElo "1998"]

1. e4 c5 2. Bc4 e6 3. Nc3 d6 4. Nf3 Nc6 5. d4 cxd4 6. Nxd4 Nf6 7. Bg5 Be7 8. Nf3
O-O 9. O-O Bd7 10. Re1 a6 11. e5 dxe5 12. Nxe5 Nxe5 13. Rxe5 Qc7 14. Bxf6 Bxf6
15. Re2 Bxc3 16. bxc3 Qxc4 17. Rd2 Bc6 18. Rd4 Qxc3 19. Rb1 Rac8 20. Rb3 Qc5 21.
Qd2 Bd5 22. c4 Bxc4 23. Rc3 b5 24. a4 Qb4 25. axb5 axb5 26. h4 Qb1+ 27. Rc1 Qf5
28. Rd1 Bd5 29. Qe2 Rc4 30. g4 Bf3 31. Qe3 Bxg4 32. R1d2 Bf3 33. Kh2 Bd5 34. Kg3
Rxd4 35. Rxd4 h5 36. f3 Rc8 37. Rd2 Rc4 38. Rb2 Qg6+ 39. Qg5 Qxg5+ 40. hxg5 b4
41. f4 g6 42. Rd2 Rc3+ 43. Kh4 b3 0-1

[Event "AUTO-OPEN-4443"]
[Site "http://www.queenalice.com/game.php?id=1811279"]
[Date "2023.5.5"]
[Round "1"]
[White "Pin"]
[Black "Amag"]
[Result "1/2-1/2"]
[WhiteElo "2076"]
[BlackElo "2039"]

1. d4 d6 2. c4 e6 3. Nc3 Nf6 4. Nf3 a6 5. e4 Be7 6. Bd3 c6 7. O-O O-O 8. h3 Nbd7
9. Be3 e5 10. Qc2 exd4 11. Nxd4 Ne5 12. Nf5 Bxf5 13. exf5 Nxd3 14. Qxd3 Nd7 15.
Rae1 Ne5 16. Qe2 b5 17. cxb5 axb5 18. f4 Nc4 19. Bc1 Re8 20. a4 Bh4 21. Qxe8+
Qxe8 22. Rxe8+ Rxe8 23. axb5 cxb5 24. Nxb5 Rb8 25. Nd4 Nxb2 26. Rf3 Bf6 27. Ne2
Re8 28. Kf2 Nd1+ 29. Kf1 Nb2 30. g4 h6 31. Rb3 Nc4 32. Kf2 Bh4+ 33. Kf3 Be1 34.
g5 Bd2 35. Rd3 Bxc1 36. Nxc1 hxg5 37. Nb3 gxf4 38. Kxf4 g6 39. fxg6 fxg6 40. Kg5
Kg7 41. Nd4 Re5+ 42. Kf4 g5+ 43. Kf3 Kg6 44. Nc6 Rf5+ 45. Kg3 Rc5 46. Ne7+ Kf7
47. Nd5 Ke6 48. Ne3 Nxe3 49. Rxe3+ Re5 50. Rd3 Re4 51. Kf3 d5 52. Ra3 Ke5 53.
Ra8 Rf4+ 54. Kg3 Rd4 55. Re8+ Kf6 56. Rf8+ Kg6 57. Rd8 Kh5 58. Rh8+ Kg6 59. Rg8+
Kh6 60. Rh8+ Kg7 61. Rd8 Kf7 62. Kf3 Rf4+ 63. Ke3 Rh4 64. Rxd5 Rxh3+ 65. Kf2 Kg6
66. Kg2 Ra3 67. Rb5 g4 68. Re5 Rh3 69. Ra5 Rh5 70. Ra6+ Kg5 71. Ra5+ Kh4 72.
Rxh5+ Kxh5 73. Kg3 Kg5 74. Kg2 Kf4 75. Kf2 g3+ 76. Kg2 Kg4 77. Kg1 Kf3 78. Kf1
Kf4 79. Kg2 Kg4 80. Kg1 Kf3 81. Kf1 g2+ 82. Kg1 Kg3 1/2-1/2

[Event "AUTO-OPEN-4443"]
[Site "http://www.queenalice.com/game.php?id=1811280"]
[Date "2023.5.5"]
[Round "1"]
[White "Amag"]
[Black "Pipo712"]
[Result "1-0"]
[WhiteElo "2040"]
[BlackElo "2037"]

1. e4 c5 2. Bc4 d6 3. Nf3 Nf6 4. d3 a6 5. a4 b6 6. Nc3 e6 7. Bg5 Nbd7 8. O-O Bb7
9. Re1 Be7 10. d4 Qc7 11. d5 e5 12. Nd2 O-O 13. Rf1 h6 14. Bh4 g5 15. Bg3 Kg7
16. f3 Rh8 17. Ne2 Nf8 18. h4 Nh5 19. f4 Nxg3 20. Nxg3 Bc8 21. Nh5+ Kg8 22. fxe5
dxe5 23. Rxf7 Kxf7 24. d6+ 1-0

[Event "AUTO-OPEN-4443"]
[Site "http://www.queenalice.com/game.php?id=1811281"]
[Date "2023.5.5"]
[Round "1"]
[White "Pipo712"]
[Black "Amag"]
[Result "1-0"]
[WhiteElo "2040"]
[BlackElo "2056"]

1. e4 e6 2. d4 d6 3. c4 d5 4. Nc3 dxe4 5. Nxe4 Nf6 6. Bg5 Nbd7 7. Nf3 Bb4+ 8.
Nc3 O-O 9. Bd3 b6 10. O-O Be7 11. Qe2 Bb7 12. Rfe1 c6 13. Rad1 Re8 14. Ne4 c5
15. Bxf6 Nxf6 16. dxc5 bxc5 17. Nxf6+ Kh8 18. Nxe8 Qxe8 19. Be4 Bxe4 20. Qxe4
Rd8 21. Rxd8 Qxd8 22. Ne5 Qd2 23. Nxf7+ Kg8 24. Qxe6 1-0

[Event "AUTO-OPEN-4441"]
[Site "http://www.queenalice.com/game.php?id=1828162"]
[Date "2023.12.30"]
[Round "3"]
[White "grotegeest"]
[Black "Amag"]
[Result "1-0"]
[WhiteElo "2848"]
[BlackElo "2044"]

1. e4 e5 2. Nf3 Nc6 3. Bc4 d6 4. d4 Qf6 5. Nc3 Nge7 6. Nb5 Kd8 7. Ng5 Be6 8. d5
Na5 9. dxe6 Nxc4 10. Nxf7+ Kc8 11. Nxh8 Qxe6 12. Qh5 Qg8 13. Qe8# 1-0

[Event "AUTO-OPEN-4441"]
[Site "http://www.queenalice.com/game.php?id=1828163"]
[Date "2023.12.30"]
[Round "3"]
[White "Amag"]
[Black "grotegeest"]
[Result "0-1"]
[WhiteElo "2042"]
[BlackElo "2829"]

1. d4 Nf6 2. e3 g6 3. Bd3 Bg7 4. e4 O-O 5. e5 Ne8 6. Nf3 c5 7. c3 cxd4 8. cxd4
d6 9. Bf4 Nc6 10. Be2 Qb6 11. Na3 Be6 12. Nc4 Bxc4 13. Bxc4 Qb4+ 14. Nd2 Nxd4
0-1